000
00226nam a2200097Ia 4500
008
170627s9999 xx 000 0 und d
100
_a
BHALLA -V.K.
245
0
_a
INTERNATIONAL FINANCIAL MANAGEMENT
260
_b
ANMOL
260
_c
2008
546
_a
ENGLISH
999
_c
35750
_d
35750